000
00305pab a2200121 454500
008
180718b xxu||||| |||| 00| 0 eng d
100
_a
Krishnamoorthy B.
245
_a
Saving Delhi from collapse
362
_a
12 Jul.93, p.4
650
_a
City Planning -- India -- Delhi
773
_a
Patriot
909
_a
24694
999
_c
24694
_d
24694